| 000 | 00795nam a2200229Ia 4500 | ||
|---|---|---|---|
| 001 | 1667 | ||
| 003 | GE_BSU | ||
| 008 | 181216s||||||||xx |||||||||||||| ||und|| | ||
| 020 | _a97899940522 | ||
| 040 | _cGE_BSU | ||
| 080 | _a004.9(075.8) | ||
| 245 | _aHTML web-საიტების კონსტრუირება. | ||
| 245 | _bდამხმარე სახელმძღვანელო | ||
| 260 | _aქუთაისი | ||
| 260 | _bაკაკი წერთლის სახ. უნ–ტი | ||
| 260 | _c2008 | ||
| 300 | _a76 გვ. 19 ცმ. | ||
| 541 | _h3 ლ. | ||
| 653 | _aHTML web-საიტების კონსტრუირება. | ||
| 653 | _aვებ გვერდების კონსტრუირება | ||
| 942 | _cBK | ||
| 999 |
_c35784 _d35784 |
||